| 000 | 00975nam a22002177a 4500 | ||
|---|---|---|---|
| 999 |
_c16960 _d16960 |
||
| 003 | AR-CdUCM | ||
| 008 | 190506b ||||| |||| 00| 0 spa d | ||
| 040 |
_aMUNICIPALIDAD PROVINCIAL DEL CUSCO _cBIBLIOTECA MUNICIPAL DEL CUSCO |
||
| 082 |
_a780.92 / _bG75 |
||
| 100 |
_aBellaigue, Camille _936727 |
||
| 245 | _aGounod / | ||
| 260 |
_aBuenos Aires : _bEdit. Tor, |
||
| 300 |
_a189 paginas ; _c19 cm. |
||
| 505 | _aContenido: Los orígenes; la infancia y la juventud; los romanos. Regreso a París; las primeras horas hasta Fausto. Fausto. Filemón y Baucis; Mireya. Romeo y Julieta. Dos meses en Roma; tres años en Londres; Polieucto. Las obras sacras; "Redención" y "Mors et vita" . Los últimos años. Conclusión. Catálogo de la obra de Carlos Gounod / | ||
| 650 |
_aMúsicos _95854 |
||
| 650 |
_aBiografías _9148 |
||
| 650 |
_aMúsicos franceses _936728 |
||
| 700 |
_aLabrousse, Pedro E. F(traductor) _936729 |
||
| 942 |
_2ddc _cLIBROS |
||
| 945 |
_arjall _d2019-05-06 |
||